000 00566nam a22001937a 4500
999 _c22523
_d22523
003 AR-CdUCM
008 190409b ||||| |||| 00| 0 spa d
020 _a9786123051464
040 _aMUNICIPALIDAD PROVINCIAL DEL CUSCO
_cBIBLIOTECA MUNICIPAL DEL CUSCO
082 _a869.56/O47A
_bO47A
100 _aOllé, Carmen
_948294
245 _aAmores líquidos /
_c Carmen Ollé
260 _aLima :
_bPeisa,
_c2019.
300 _a124, [1] páginas. :
_c23 cm.
650 _aCuentos peruanos
_948419
650 _aSiglo XX
_948420
942 _2ddc
_cLIBROS
945 _arac